000 00459nam a22001817a 4500
003 CEME
005 20210628210105.0
008 210211b xxu||||| |||| 00| 0 eng d
020 _a0-7680-0256-6
040 _c.
082 _a629.2-S PIS
100 _aSae
_910190
245 _aPiston ring standards manual
260 _aUSA
_bSA
_c1999
300 _a293P
650 _aPISTON RING-STANDARDS INTERNAL COMBUSTION ENGINES-PISTON
_978110
942 _cBK
_2ddc
999 _c583260
_d583260